000 00819cam a22002773a 4500
001 20113
003 PGUSA
005 20140828083427.0
008 061215s2006||||xxu|||||s|||||000 p eng d
040 _aPGUSA
_beng
042 _adc
050 4 _aPZ
050 4 _aPR
100 1 _aLear, Edward,
_d1812-1888
245 1 0 _aNonsense Drolleries :
_bThe Owl and The Pussy-Cat—The Duck and The Kangaroo.
_h[electronic resource] /
_cEdward Lear
260 _bProject Gutenberg,
_c2006
506 _aPublic domain in the USA.
516 _aElectronic text
653 _aChildren's literature
653 _aEnglish wit and humor
653 _aHumorous poetry, English
653 _aNonsense verses, English
830 0 _aProject Gutenberg
_v20113
856 4 0 _uhttp://www.gutenberg.org/ebooks/20113
942 _cEB
999 _c249368
_d249368